000 00327nam a22001337a 4500
008 170904b xxu||||| |||| 00| 0 eng d
020 _a9780805304398
041 _aeng
080 _25TH
_a070
100 _a40
101 _aMED
245 _aVISUAL GUIDE TO THE CAMPBELL MEDIA MANAGER FOR BIOLOGY
_cCAMPBELL
942 _2udc
_cBK
999 _c26026
_d26026